| 000 | 00855nam a2200229 a 4500 | ||
|---|---|---|---|
| 001 | BRCA_143 | ||
| 005 | 20190320202910.0 | ||
| 008 | 101005s1992----mx-a---###---#000-0#spa-# | ||
| 020 | _a9686084487 | ||
| 050 | 4 |
_aN6553 _b.A78 1 _c1992 |
|
| 100 | 1 |
_aTovar de Teresa, Guillermo _d1956- _9559 |
|
| 245 | 1 | 0 |
_aLa utopía mexicana del siglo XVI _blo bello, lo verdadero y lo bueno _cGuillermo Tovar de Teresa, Miguel León-Portilla, Silvio Zavala ; presentación de Octavio Paz. |
| 260 |
_a[México] _bGrupo Azabache _c1992 |
||
| 300 |
_a108 p. _bil. a color _c29 cm. |
||
| 440 | 0 |
_aArte novohispano _v1 _9560 |
|
| 504 | _aBibliografía: p. 107 | ||
| 651 | 4 |
_aMéxico _xHistoria _yConquista, 1519-1540 _9442 |
|
| 700 | 1 |
_aLeón Portilla, Miguel _d1926- _9561 |
|
| 700 | 1 |
_aZavala, Silvio Arturo _d1909- _9562 |
|
| 700 | 1 |
_aPaz, Octavio _d1914-1998 _9563 |
|
| 942 |
_2lcc _cB |
||
| 999 |
_c124 _d124 |
||